00565nam a2200169Ia 4500008004100000100001500041245008300056260009200139500002200231650002300253650002000276700001400296700001600310700001600326700001500342856003800357220216s9999 xx 000 0 und d aObania O.R 0aOxirane ring opening of rubber (Hevea brasiliensis) seed oil by performic acid bInternational Journal of Innovative Technology and Exploring Engineering (IJITEE)c2019 aSource Year: 2019 aHevea brasiliensis aRubber seed oil aAjani O.O aOjewumi M.E aOmodara O.J aUdonne J.D udoi:10.35940/ijitee.L2580.119119)